000 00562nam a2200181Ia 4500
001 4982
005 20260306145834.0
008 260306t1990||||xx |||||||||||||| ||spa||
041 _aESP
082 _a332.409
_bR75
100 _aRodríguez de Carassa, Joseph [1703-1773]
_eAUT
245 0 _aDictámen de don José Rodriguez de Carrassa del orden de Calatrava y ensayador mayor del reyno del Perú y de la real casa de la moneda de Lima
260 _c1990
300 _a197 páginas :
_c20 cm.
650 _aGEN
654 _aCAN
942 _cLIB
_dJUS
_fJUS
_2ddc
_n
999 _c4982
_d4982